[Event "MP Reykjavik Open 2011"]
[Site "Reykjavik ISL"]
[Date "2011.03.15"]
[Round "8.71"]
[White "Plug, Arjan"]
[Black "Kristinardottir, Elsa Maria"]
[Result "1/2-1/2"]
[WhiteElo "1965"]
[BlackElo "1702"]
[PlyCount "67"]
[EventDate "2011.03.09"]
[EventType "swiss"]
[EventRounds "9"]
[EventCountry "ISL"]
[Source "lmi"]
[SourceDate "2011.03.09"]

1. e4 c6 2. f4 d5 3. exd5 cxd5 4. Nf3 Nc6 5. d4 Nf6 6. Bd3 Bg4 7. c3 e6 8. O-O
Bd6 9. Qe1 Bxf3 10. Rxf3 Qc7 11. Na3 a6 12. Nc2 O-O-O 13. b4 Nh5 14. Qh4 g6 15.
Bd2 Be7 16. Qe1 Bd6 17. g3 Rde8 18. a4 f5 19. b5 axb5 20. axb5 Na5 21. Ra4 Nf6
22. c4 Nxc4 23. Bxc4 dxc4 24. Rc3 Kd7 25. Rcxc4 Qb6 26. Bb4 Ne4 27. Bxd6 Nxd6
28. Rc5 Ne4 29. Rcc4 Rc8 30. Qe2 Nc3 31. Qe5 Rhe8 32. Rxc3 Rxc3 33. Qg7+ Kd6
34. Qe5+ 1/2-1/2

[Event "MP Reykjavik Open 2011"]
[Site "Reykjavik ISL"]
[Date "2011.03.15"]
[Round "8.72"]
[White "Gates, David A"]
[Black "Knudsen, Jes West"]
[Result "0-1"]
[WhiteElo "1698"]
[BlackElo "1945"]
[PlyCount "124"]
[EventDate "2011.03.09"]
[EventType "swiss"]
[EventRounds "9"]
[EventCountry "ISL"]
[Source "lmi"]
[SourceDate "2011.03.09"]

1. e4 c5 2. Nf3 a6 3. Bd3 b5 4. c3 Bb7 5. Bc2 Nf6 6. d3 d6 7. O-O Nbd7 8. Re1
Qc7 9. Bf4 e5 10. Bg5 h6 11. Bxf6 Nxf6 12. Nbd2 Be7 13. Nf1 O-O 14. Ng3 Rfd8
15. Qe2 Rac8 16. Rac1 Bf8 17. d4 Re8 18. d5 Qa5 19. a4 Qb6 20. Ra1 c4 21. Nd2
Rc7 22. Nh5 Nxh5 23. Qxh5 b4 24. a5 Qc5 25. Re3 g6 26. Qh4 Kh7 27. Ra4 b3 28.
Bd1 Qb5 29. Ra1 Be7 30. Qg3 Bg5 31. Re2 Bxd2 32. Rxd2 f5 33. Bf3 Bc8 34. h4 Rg8
35. Kh1 f4 36. Qh2 Qe8 37. Be2 Qd8 38. Ra4 g5 39. g3 Rcg7 40. h5 Bd7 41. Rxc4
g4 42. gxf4 exf4 43. Qxf4 Rg5 44. Qg3 Rxh5+ 45. Kg2 Rg7 46. Bd3 Re5 47. Rd1 Rf7
48. Be2 Bb5 49. Rh1 Qg5 50. Rc6 Bxe2 51. Rh4 Bf3+ 52. Kh2 Rf6 53. Rxa6 Qc1 54.
Ra7+ Kg6 55. Qg1 Qxb2 56. Qe1 Kg5 57. Kg3 Rxe4 58. Rg7+ Rg6 59. Rxg6+ Kxg6 60.
Qg1 Qxc3 61. Rxh6+ Kxh6 62. Qh2+ Kg6 0-1

[Event "MP Reykjavik Open 2011"]
[Site "Reykjavik ISL"]
[Date "2011.03.15"]
[Round "8.73"]
[White "Leosson, Atli Johann"]
[Black "Klein, Gernot"]
[Result "0-1"]
[WhiteElo "1685"]
[BlackElo "1924"]
[PlyCount "114"]
[EventDate "2011.03.09"]
[EventType "swiss"]
[EventRounds "9"]
[EventCountry "ISL"]
[Source "lmi"]
[SourceDate "2011.03.09"]

1. e4 c5 2. Nf3 e6 3. d4 cxd4 4. Nxd4 a6 5. g3 b5 6. Bg2 Bb7 7. c3 Nf6 8. Bg5
Be7 9. Bxf6 Bxf6 10. a3 Nc6 11. Nxc6 Bxc6 12. Nd2 O-O 13. O-O Re8 14. Nb3 Qb6
15. Qc2 Rac8 16. Rad1 a5 17. Qd2 b4 18. Nd4 bxc3 19. bxc3 Ba4 20. Ra1 Rc4 21.
Qd3 Rec8 22. Ne2 Qc5 23. Rfc1 Bxc3 24. Nxc3 Rxc3 25. Rxc3 Qxc3 26. Qxc3 Rxc3
27. Rb1 Kf8 28. Ra1 Ke7 29. Kf1 Bb5+ 30. Ke1 Rb3 31. Ra2 Bc4 32. Rc2 d5 33.
exd5 exd5 34. Bxd5 Bxd5 35. Rc5 Rb1+ 36. Kd2 Kd6 37. Rxa5 Kc6 38. Ra8 Kc5 39.
Rh8 h6 40. Rh7 Rb2+ 41. Ke3 Rb3+ 42. Kd2 g6 43. Rxh6 Rxa3 44. Rh4 Kd6 45. Rf4
Rf3 46. Rxf3 Bxf3 47. Ke3 Bc6 48. Kf4 Ke6 49. Kg5 Bf3 50. Kf4 Be2 51. Kg5 Bd3
52. h4 f6+ 53. Kh6 Kf7 54. f4 Be2 55. Kh7 Bh5 56. Kh6 f5 57. Kg5 Ke6 0-1

[Event "MP Reykjavik Open 2011"]
[Site "Reykjavik ISL"]
[Date "2011.03.15"]
[Round "8.75"]
[White "Rutten, David"]
[Black "Ragnarsson, Dagur"]
[Result "0-1"]
[WhiteElo "1880"]
[BlackElo "1625"]
[PlyCount "70"]
[EventDate "2011.03.09"]
[EventType "swiss"]
[EventRounds "9"]
[EventCountry "ISL"]
[Source "lmi"]
[SourceDate "2011.03.09"]

1. d4 d5 2. Nf3 Nf6 3. e3 Bf5 4. c4 e6 5. Nc3 Nc6 6. a3 a5 7. Qb3 Rb8 8. Be2
Be7 9. O-O O-O 10. Bd2 Na7 11. Ne5 c6 12. g4 Bg6 13. Nxg6 hxg6 14. Qc2 b5 15.
cxd5 cxd5 16. a4 b4 17. Nb5 Nxb5 18. axb5 Bd6 19. f4 Qb6 20. Rfc1 Ne4 21. Qd3
g5 22. Rc6 Qd8 23. Ra6 gxf4 24. exf4 Qh4 25. Be3 Bxf4 26. Bxf4 Qf2+ 27. Kh1
Qxf4 28. Qf3 Qd2 29. R6xa5 Qxb2 30. Rd1 Nc3 31. Re1 Nxe2 32. Qxe2 Qxd4 33. Qf3
Qc3 34. Re3 Qc7 35. Ra4 Qc1+ 0-1

[Event "MP Reykjavik Open 2011"]
[Site "Reykjavik ISL"]
[Date "2011.03.15"]
[Round "8.76"]
[White "Andrason, Pall"]
[Black "Van Dongen, Leo"]
[Result "1-0"]
[WhiteElo "1683"]
[BlackElo "1828"]
[PlyCount "89"]
[EventDate "2011.03.09"]
[EventType "swiss"]
[EventRounds "9"]
[EventCountry "ISL"]
[Source "lmi"]
[SourceDate "2011.03.09"]

1. d4 Nf6 2. c4 c5 3. e3 b6 4. Nc3 Bb7 5. Nf3 e6 6. Be2 Be7 7. O-O cxd4 8. exd4
O-O 9. b3 d5 10. cxd5 Nxd5 11. Nxd5 Bxd5 12. Be3 Nc6 13. Ne5 Rc8 14. Nxc6 Bxc6
15. Bd3 Qd5 16. f3 Bd6 17. Qe2 Qh5 18. g3 f5 19. Bc4 Rf6 20. Bd2 Re8 21. Rae1
Kh8 22. f4 Qh6 23. Bb5 Bxb5 24. Qxb5 Rd8 25. Re2 Qg6 26. Rfe1 h5 27. Qc4 Re8
28. d5 h4 29. Kg2 Qg4 30. Qc6 h3+ 31. Kf2 Bc5+ 32. Be3 Rff8 33. Bxc5 bxc5 34.
Rxe6 Rc8 35. Rh6+ gxh6 36. Qxh6+ Kg8 37. Re6 Rc7 38. Rg6+ Qxg6 39. Qxg6+ Rg7
40. Qe6+ Kh7 41. d6 Rff7 42. Ke3 Kg8 43. Kd3 Rxg3+ 44. hxg3 h2 45. Qd5 1-0

[Event "MP Reykjavik Open 2011"]
[Site "Reykjavik ISL"]
[Date "2011.03.15"]
[Round "8.77"]
[White "Johannsdottir, Johanna Bjorg"]
[Black "Hauksdottir, Hrund"]
[Result "0-1"]
[WhiteElo "1795"]
[BlackElo "1554"]
[PlyCount "112"]
[EventDate "2011.03.09"]
[EventType "swiss"]
[EventRounds "9"]
[EventCountry "ISL"]
[Source "lmi"]
[SourceDate "2011.03.09"]

1. e4 e5 2. Nf3 Nc6 3. Bc4 Bc5 4. c3 d6 5. d4 Bb6 6. O-O Nf6 7. Re1 O-O 8. Bg5
Bg4 9. dxe5 Bxf3 10. Qxf3 Nxe5 11. Qe2 Nxc4 12. Qxc4 Bxf2+ 13. Kxf2 Ng4+ 14.
Kg1 Qxg5 15. g3 Ne5 16. Qe2 Qg4 17. Nd2 Qxe2 18. Rxe2 Rfe8 19. Rf1 Re7 20. Nb3
Rae8 21. Nd4 a6 22. b4 Ng4 23. Rf4 Nf6 24. Ref2 Rxe4 25. Rxf6 gxf6 26. Rxf6 Re3
27. Rf4 R8e4 28. Kf2 Rxf4+ 29. Kxe3 Rf1 30. a4 Kg7 31. Nf3 Kf6 32. Nd2 Rd1 33.
h3 h6 34. Nc4 Rg1 35. Kf4 Rd1 36. Ne3 Rd3 37. Ke4 Rxe3+ 38. Kxe3 Ke5 39. Kd3 h5
40. Ke3 f6 41. Kd3 f5 42. Ke3 b5 43. axb5 axb5 44. Kf3 c5 45. Ke3 cxb4 46. cxb4
d5 47. h4 d4+ 48. Kf3 Kd5 49. Kf4 d3 50. Kxf5 d2 51. g4 hxg4 52. Kxg4 d1=Q+ 53.
Kg5 Qd4 54. h5 Ke6 55. Kg6 Qf6+ 56. Kh7 Kf7 0-1

[Event "MP Reykjavik Open 2011"]
[Site "Reykjavik ISL"]
[Date "2011.03.15"]
[Round "8.78"]
[White "Hauksson, Hordur Aron"]
[Black "Kjartansson, Dagur"]
[Result "0-1"]
[WhiteElo "1719"]
[BlackElo "1517"]
[PlyCount "75"]
[EventDate "2011.03.09"]
[EventType "swiss"]
[EventRounds "9"]
[EventCountry "ISL"]
[Source "lmi"]
[SourceDate "2011.03.09"]

1. d4 e6 2. c4 Nf6 3. Nc3 Bb4 4. e3 O-O 5. Nge2 b6 6. a3 Bxc3+ 7. Nxc3 Bb7 8.
Be2 d5 9. Bf3 Nbd7 10. O-O e5 11. cxd5 Re8 12. e4 exd4 13. Qxd4 Nc5 14. Rb1 Ba6
15. Rd1 Qd6 16. b4 Ncd7 17. Bg5 Ne5 18. Bxf6 Nxf3+ 19. gxf3 gxf6 20. Kh1 Kh8
21. Rg1 Rg8 22. Rg3 Rg6 23. Rbg1 Rag8 24. Nd1 Qf4 25. Qe3 Qd6 26. Nc3 Bc4 27.
Nb1 Qe7 28. Qc3 Bb5 29. Nd2 Qe5 30. Nb1 Be2 31. Kg2 Qh5 32. Re1 Bb5 33. Qxc7
Rh6 34. Rxg8+ Kxg8 35. Qf4 Qh3+ 36. Kh1 Rg6 37. Rg1 Rxg1+ 38. Kxg1 0-1

[Event "MP Reykjavik Open 2011"]
[Site "Reykjavik ISL"]
[Date "2011.03.15"]
[Round "8.80"]
[White "Stefansson, Vignir Vatnar"]
[Black "Karlsson, Mikael Johann"]
[Result "0-1"]
[WhiteElo "1501"]
[BlackElo "1835"]
[PlyCount "104"]
[EventDate "2011.03.09"]
[EventType "swiss"]
[EventRounds "9"]
[EventCountry "ISL"]
[Source "lmi"]
[SourceDate "2011.03.09"]

1. d4 Nf6 2. c4 g6 3. Nc3 Bg7 4. e4 d6 5. f4 O-O 6. Nf3 c5 7. d5 e6 8. Bd3 exd5
9. cxd5 a6 10. a4 Re8 11. O-O Nbd7 12. Bd2 Qc7 13. Re1 c4 14. Bf1 Ng4 15. Qe2
Qb6+ 16. Kh1 Nf2+ 17. Kg1 Nxe4+ 18. Be3 Nxc3 19. bxc3 Qb3 20. Rec1 Nc5 21. Rab1
Qxa4 22. Rb4 Qd7 23. Rxc4 b5 24. Rb4 Bb7 25. Qd2 Ne4 26. Qd3 Qf5 27. Ne5 dxe5
28. Rxe4 Rad8 29. fxe5 Bxd5 30. Rd4 Qxd3 31. Rxd3 Be6 32. Rxd8 Rxd8 33. Bd4 Rc8
34. Ra1 Rc6 35. Be2 Bc8 36. Bf3 Rc7 37. Bd5 Rd7 38. Bb3 Re7 39. Re1 Be6 40. Bd1
Bc4 41. Kf2 a5 42. g3 f6 43. Bb6 a4 44. Bd4 fxe5 45. Bc5 Re8 46. Re4 Bd3 47.
Re3 e4 48. Bb4 h5 49. Bf3 Kf7 50. h4 Bh6 51. Rxd3 exd3 52. Bc6 d2 0-1

[Event "MP Reykjavik Open 2011"]
[Site "Reykjavik ISL"]
[Date "2011.03.16"]
[Round "9.1"]
[White "Nyzhnyk, Illya"]
[Black "Sokolov, Ivan"]
[Result "1/2-1/2"]
[WhiteElo "2563"]
[BlackElo "2643"]
[PlyCount "32"]
[EventDate "2011.03.09"]
[EventType "swiss"]
[EventRounds "9"]
[EventCountry "ISL"]
[Source "lmi"]
[SourceDate "2011.03.09"]

1. d4 Nf6 2. c4 c6 3. Nc3 d5 4. Nf3 dxc4 5. a4 Bf5 6. e3 e6 7. Bxc4 Bb4 8. O-O
Nbd7 9. Qe2 Bg4 10. Rd1 Qe7 11. e4 O-O 12. h3 Bh5 13. g4 Bg6 14. Bd3 Ne8 15. a5
a6 16. Ra4 f6 1/2-1/2

[Event "MP Reykjavik Open 2011"]
[Site "Reykjavik ISL"]
[Date "2011.03.16"]
[Round "9.2"]
[White "Baklan, Vladimir"]
[Black "Kuzubov, Yuriy"]
[Result "1/2-1/2"]
[WhiteElo "2602"]
[BlackElo "2627"]
[PlyCount "24"]
[EventDate "2011.03.09"]
[EventType "swiss"]
[EventRounds "9"]
[EventCountry "ISL"]
[Source "lmi"]
[SourceDate "2011.03.09"]

1. e4 c5 2. Nf3 d6 3. d4 cxd4 4. Nxd4 Nf6 5. Nc3 a6 6. Be2 e5 7. Nb3 Be7 8. O-O
O-O 9. Bf3 Be6 10. a4 Nbd7 11. Re1 Qc7 12. Ne2 Rfd8 1/2-1/2

[Event "MP Reykjavik Open 2011"]
[Site "Reykjavik ISL"]
[Date "2011.03.16"]
[Round "9.3"]
[White "Hammer, Jon Ludvig"]
[Black "Miton, Kamil"]
[Result "1/2-1/2"]
[WhiteElo "2606"]
[BlackElo "2600"]
[PlyCount "100"]
[EventDate "2011.03.09"]
[EventType "swiss"]
[EventRounds "9"]
[EventCountry "ISL"]
[Source "lmi"]
[SourceDate "2011.03.09"]

1. Nf3 Nf6 2. c4 c6 3. Nc3 d5 4. d4 dxc4 5. a4 Bf5 6. Ne5 Nbd7 7. Nxc4 Nb6 8.
Ne5 a5 9. e3 g6 10. Bd3 Bxd3 11. Nxd3 Bg7 12. Qb3 O-O 13. O-O Nfd7 14. Rd1 Qc7
15. Bd2 e5 16. Rac1 exd4 17. exd4 Qd6 18. Be3 Qe6 19. d5 Nxd5 20. Nxd5 Qxd5 21.
Qxb7 Rfb8 22. Qxc6 Qxc6 23. Rxc6 Ne5 24. Rb6 Rd8 25. Rb3 Rac8 26. Kf1 Rc4 27.
Ke2 Re8 28. Nxe5 Bxe5 29. Rd5 Rxa4 30. Kd3 Bf6 31. Bd2 Ra2 32. Kc2 Ra1 33. Bxa5
Rc8+ 34. Kd2 Rg1 35. g3 Rg2 36. Ke2 Rxh2 37. Rb7 Rh5 38. Rxh5 gxh5 39. b4 Rc2+
40. Kd3 Rxf2 41. Bc7 Rf3+ 42. Ke4 Rb3 43. b5 h4 44. gxh4 Bxh4 45. b6 Bf2 46.
Rb8+ Kg7 47. Be5+ f6 48. Bxf6+ Kxf6 49. Rf8+ Kg7 50. Rxf2 Rxb6 1/2-1/2

[Event "MP Reykjavik Open 2011"]
[Site "Reykjavik ISL"]
[Date "2011.03.16"]
[Round "9.4"]
[White "Adly, Ahmed"]
[Black "Gupta, Abhijeet"]
[Result "1/2-1/2"]
[WhiteElo "2640"]
[BlackElo "2580"]
[PlyCount "43"]
[EventDate "2011.03.09"]
[EventType "swiss"]
[EventRounds "9"]
[EventCountry "ISL"]
[Source "lmi"]
[SourceDate "2011.03.09"]

1. Nf3 Nf6 2. c4 g6 3. b3 c6 4. Bb2 d5 5. g3 Bg7 6. Bg2 O-O 7. O-O Nbd7 8. cxd5
cxd5 9. d3 b6 10. Nc3 Bb7 11. Qd2 a6 12. Rac1 b5 13. Nb1 Qb6 14. Ne5 Rfc8 15.
Nxd7 Nxd7 16. Bxg7 Kxg7 17. b4 d4 18. Qb2 Bxg2 19. Kxg2 e5 20. Rxc8 Rxc8 21.
Rc1 Rc6 22. Nd2 1/2-1/2

[Event "MP Reykjavik Open 2011"]
[Site "Reykjavik ISL"]
[Date "2011.03.16"]
[Round "9.5"]
[White "Chatalbashev, Boris"]
[Black "Jones, Gawain C B"]
[Result "1/2-1/2"]
[WhiteElo "2602"]
[BlackElo "2578"]
[PlyCount "91"]
[EventDate "2011.03.09"]
[EventType "swiss"]
[EventRounds "9"]
[EventCountry "ISL"]
[Source "lmi"]
[SourceDate "2011.03.09"]

1. d4 e6 2. c4 f5 3. g3 Nf6 4. Bg2 Be7 5. Nf3 O-O 6. O-O d6 7. Nc3 Ne4 8. Qc2
Nxc3 9. bxc3 Nc6 10. Rd1 Qe8 11. c5 e5 12. cxd6 cxd6 13. Rb1 Kh8 14. Ba3 e4 15.
Nd2 d5 16. Bxe7 Qxe7 17. e3 Be6 18. c4 Rac8 19. Qa4 Rc7 20. Rdc1 dxc4 21. Nxc4
Bd5 22. Na5 Qf7 23. Nxc6 bxc6 24. Rb2 g5 25. Qc2 Re7 26. a4 Kg7 27. a5 f4 28.
a6 Qe6 29. Qc5 Rff7 30. Rcb1 Qc8 31. Qa5 Qf5 32. Qc5 Qc8 33. Bf1 h5 34. Rb8 Qf5
35. R8b7 fxg3 36. fxg3 Qf2+ 37. Kh1 Qa2 38. R7b2 Qxb2 39. Rxb2 Rxf1+ 40. Kg2
Ref7 41. Qd6 R1f6 42. Qe5 Kg6 43. Qe8 g4 44. h3 Kg7 45. hxg4 hxg4 46. Qe5
1/2-1/2

[Event "MP Reykjavik Open 2011"]
[Site "Reykjavik ISL"]
[Date "2011.03.16"]
[Round "9.6"]
[White "McShane, Luke J"]
[Black "Danielsen, Henrik"]
[Result "1-0"]
[WhiteElo "2683"]
[BlackElo "2533"]
[PlyCount "59"]
[EventDate "2011.03.09"]
[EventType "swiss"]
[EventRounds "9"]
[EventCountry "ISL"]
[Source "lmi"]
[SourceDate "2011.03.09"]

1. e4 c6 2. d4 d5 3. e5 Bf5 4. h4 h5 5. c4 e6 6. Nc3 Ne7 7. Nge2 Nd7 8. Ng3 Bg6
9. Bg5 f6 10. exf6 gxf6 11. Be3 Kf7 12. Be2 dxc4 13. Nxh5 Nb6 14. Nf4 Bh6 15.
Nxg6 Nxg6 16. Bh5 Bxe3 17. fxe3 Nd5 18. Qf3 Rh6 19. g4 Qd6 20. g5 Rxh5 21. Nxd5
exd5 22. Qxh5 Qg3+ 23. Kd2 Rh8 24. Qe2 Nxh4 25. Raf1 Qxg5 26. Qf2 Rh5 27. Rhg1
Qf5 28. Qg3 Qd3+ 29. Kc1 Ng6 30. Qf3 1-0

[Event "MP Reykjavik Open 2011"]
[Site "Reykjavik ISL"]
[Date "2011.03.16"]
[Round "9.7"]
[White "Gustafsson, Jan"]
[Black "Mekhitarian, Krikor Sevag"]
[Result "1/2-1/2"]
[WhiteElo "2647"]
[BlackElo "2529"]
[PlyCount "75"]
[EventDate "2011.03.09"]
[EventType "swiss"]
[EventRounds "9"]
[EventCountry "ISL"]
[Source "lmi"]
[SourceDate "2011.03.09"]

1. d4 Nf6 2. c4 g6 3. f3 d5 4. cxd5 Nxd5 5. e4 Nb6 6. Nc3 Bg7 7. Be3 O-O 8. Qd2
Nc6 9. O-O-O Qd6 10. Kb1 Rd8 11. Nb5 Qd7 12. d5 a6 13. Nc3 Na5 14. Bd4 Nbc4 15.
Qf2 e5 16. Bc5 b6 17. Bb4 c5 18. Bxa5 Nxa5 19. h4 Qd6 20. h5 b5 21. hxg6 hxg6
22. g3 Bd7 23. Rc1 c4 24. Nd1 Rdc8 25. Bh3 Rab8 26. Bxd7 Qxd7 27. Nh3 b4 28.
Ng5 Qa4 29. Qa7 Qe8 30. Qxa6 Ra8 31. Qd6 Qa4 32. Nxf7 Qxa2+ 33. Kc2 Qa4+ 34.
Kd2 Kxf7 35. Qe6+ Kf8 36. Qd6+ Kf7 37. Qe6+ Kf8 38. Qd6+ 1/2-1/2

[Event "MP Reykjavik Open 2011"]
[Site "Reykjavik ISL"]
[Date "2011.03.16"]
[Round "9.8"]
[White "Grover, Sahaj"]
[Black "Hansen, Sune Berg"]
[Result "0-1"]
[WhiteElo "2495"]
[BlackElo "2603"]
[PlyCount "98"]
[EventDate "2011.03.09"]
[EventType "swiss"]
[EventRounds "9"]
[EventCountry "ISL"]
[Source "lmi"]
[SourceDate "2011.03.09"]

1. e4 c5 2. Nf3 Nc6 3. Nc3 g6 4. d4 cxd4 5. Nxd4 Bg7 6. Nb3 Nf6 7. Be2 d6 8.
O-O O-O 9. Re1 b6 10. Bf1 Bb7 11. Bg5 h6 12. Bh4 Re8 13. a3 Rc8 14. Nd5 e6 15.
Nxf6+ Bxf6 16. Bxf6 Qxf6 17. c3 Red8 18. Nd4 Ne5 19. Qa4 Ra8 20. Ba6 Bxa6 21.
Qxa6 Rd7 22. a4 h5 23. a5 Rb8 24. axb6 Rxb6 25. Qe2 h4 26. Ra2 Rdb7 27. h3 Qf4
28. b4 Rc7 29. Qe3 g5 30. Qe2 Rxc3 31. Rxa7 g4 32. b5 Rc1 33. Ra1 Rxe1+ 34.
Rxe1 gxh3 35. gxh3 Ng6 36. Kh1 d5 37. Qc2 e5 38. Nf5 Qf3+ 39. Kh2 Kh7 40. exd5
Rxb5 41. d6 Rd5 42. Re2 Qf4+ 43. Kh1 Qg5 44. Kh2 e4 45. Ne3 Qf4+ 46. Kg1 Rd3
47. Ng2 Qf5 48. Qc4 Ne5 49. Qc2 Rxh3 0-1

[Event "MP Reykjavik Open 2011"]
[Site "Reykjavik ISL"]
[Date "2011.03.16"]
[Round "9.9"]
[White "Getz, Nicolai"]
[Black "Pelletier, Yannick"]
[Result "0-1"]
[WhiteElo "2333"]
[BlackElo "2593"]
[PlyCount "100"]
[EventDate "2011.03.09"]
[EventType "swiss"]
[EventRounds "9"]
[EventCountry "ISL"]
[Source "lmi"]
[SourceDate "2011.03.09"]

1. e4 c5 2. Nf3 Nc6 3. d4 cxd4 4. Nxd4 Qb6 5. Nb3 Nf6 6. Nc3 e6 7. Bd3 Be7 8.
Qe2 d6 9. Bd2 O-O 10. g4 Nb4 11. g5 Nd7 12. f4 Nc5 13. Nxc5 dxc5 14. O-O-O
Nxd3+ 15. Qxd3 Rd8 16. Qe2 Bd7 17. f5 exf5 18. exf5 Re8 19. Qf2 c4 20. Qxb6
axb6 21. Rhf1 Bc5 22. a3 Bc6 23. Rde1 f6 24. gxf6 gxf6 25. Rxe8+ Rxe8 26. Rf4
b5 27. Rg4+ Kf7 28. Rh4 Kg7 29. Rg4+ Kf7 30. Rh4 Kg7 31. Rg4+ Kh8 32. Bh6 Rg8
33. Rxg8+ Kxg8 34. Bf4 Kg7 35. Kd2 Bd4 36. Ke2 Bd7 37. Kd2 Bc6 38. Ke2 h5 39.
Nd1 Be4 40. c3 Be5 41. Bxe5 fxe5 42. Ne3 Kf6 43. h4 Bxf5 44. Nd5+ Kf7 45. a4
bxa4 46. Nb6 Be6 47. Nxa4 Ke7 48. Ke3 Kd6 49. Ke4 b5 50. Nb6 Bh3 0-1

[Event "MP Reykjavik Open 2011"]
[Site "Reykjavik ISL"]
[Date "2011.03.16"]
[Round "9.10"]
[White "Fier, Alexandr"]
[Black "Williams, Simon K"]
[Result "1-0"]
[WhiteElo "2586"]
[BlackElo "2507"]
[PlyCount "87"]
[EventDate "2011.03.09"]
[EventType "swiss"]
[EventRounds "9"]
[EventCountry "ISL"]
[Source "lmi"]
[SourceDate "2011.03.09"]

1. e4 c5 2. Nf3 d6 3. d4 cxd4 4. Nxd4 Nf6 5. Nc3 a6 6. Bg5 e6 7. f4 Be7 8. Qf3
Qc7 9. O-O-O Nbd7 10. g4 b5 11. Bxf6 Bxf6 12. Bxb5 O-O 13. Bxd7 Bxd7 14. g5
Bxd4 15. Rxd4 Rab8 16. Qd3 Qb7 17. b3 Bb5 18. Qd2 Bc6 19. Re1 a5 20. f5 Rfc8
21. Rxd6 a4 22. Kb2 Be8 23. Re3 Ra8 24. fxe6 fxe6 25. Qd4 axb3 26. cxb3 Qf7 27.
Re2 Qh5 28. Qd2 Qf7 29. Re3 Qa7 30. Kb1 Qa5 31. h4 Bg6 32. Rd4 Qe5 33. Kb2 Qc5
34. Red3 Qa3+ 35. Kb1 Qf8 36. Qd1 e5 37. Rd6 Qe7 38. Rd7 Qf8 39. h5 Be8 40.
R7d6 Qf4 41. g6 hxg6 42. hxg6 Qg5 43. Rf3 Bxg6 44. Rxg6 1-0

[Event "MP Reykjavik Open 2011"]
[Site "Reykjavik ISL"]
[Date "2011.03.16"]
[Round "9.11"]
[White "Halkias, Stelios"]
[Black "D'amore, Carlo"]
[Result "1-0"]
[WhiteElo "2579"]
[BlackElo "2505"]
[PlyCount "65"]
[EventDate "2011.03.09"]
[EventType "swiss"]
[EventRounds "9"]
[EventCountry "ISL"]
[Source "lmi"]
[SourceDate "2011.03.09"]

1. c4 g6 2. d4 Bg7 3. Nc3 d6 4. e4 a6 5. Be3 c6 6. Be2 b5 7. Nf3 Nd7 8. h3 Qc7
9. O-O Ngf6 10. Qc2 O-O 11. a3 bxc4 12. Bxc4 Bb7 13. Rac1 c5 14. dxc5 dxc5 15.
Nd5 Nxd5 16. Bxd5 Bxd5 17. exd5 Qa5 18. Nd2 Nb6 19. Qe4 Bxb2 20. Rxc5 Qa4 21.
Qb1 Qxa3 22. Rc2 Na4 23. Nc4 Qb3 24. Nxb2 Rab8 25. Bd4 Qxd5 26. Qa1 Rb4 27.
Nxa4 Rxd4 28. Nb6 Qe4 29. Re1 Qd3 30. Nc8 e5 31. Ne7+ Kg7 32. Rxe5 Rfd8 33. Rc1
1-0

[Event "MP Reykjavik Open 2011"]
[Site "Reykjavik ISL"]
[Date "2011.03.16"]
[Round "9.12"]
[White "Kveinys, Aloyzas"]
[Black "Hess, Robert L"]
[Result "1-0"]
[WhiteElo "2506"]
[BlackElo "2565"]
[PlyCount "101"]
[EventDate "2011.03.09"]
[EventType "swiss"]
[EventRounds "9"]
[EventCountry "ISL"]
[Source "lmi"]
[SourceDate "2011.03.09"]

1. d4 Nf6 2. Nf3 e6 3. c4 Bb4+ 4. Nc3 c5 5. g3 Nc6 6. Bg2 Qa5 7. d5 Bxc3+ 8.
bxc3 exd5 9. cxd5 Nxd5 10. O-O Nde7 11. c4 Qc3 12. Bf4 O-O 13. Rc1 Qa3 14. Qc2
d6 15. Bxd6 Rd8 16. Bxe7 Nxe7 17. Qe4 Re8 18. Ng5 Bf5 19. Qxb7 Rab8 20. Qc7 h6
21. Ne4 Rbc8 22. Qf4 Bxe4 23. Bxe4 Qxa2 24. e3 Qa5 25. Rb1 Qc7 26. Rb7 Qxf4 27.
gxf4 Nc6 28. Bd5 Rf8 29. Ra1 Nb4 30. Rbxa7 Nxd5 31. cxd5 c4 32. d6 c3 33. e4 c2
34. Rc1 Rc4 35. e5 Rfc8 36. Ra2 g6 37. Kg2 Kg7 38. f3 R8c5 39. h4 g5 40. hxg5
hxg5 41. d7 Rd4 42. Rcxc2 Rxc2+ 43. Rxc2 gxf4 44. Rc7 Kf8 45. Kh3 Rd5 46. Rc8+
Ke7 47. d8=Q+ Rxd8 48. Rxd8 Kxd8 49. Kg4 Ke7 50. Kxf4 Kd7 51. Kf5 1-0

[Event "MP Reykjavik Open 2011"]
[Site "Reykjavik ISL"]
[Date "2011.03.16"]
[Round "9.13"]
[White "Stefansson, Hannes"]
[Black "Carstensen, Jacob"]
[Result "1-0"]
[WhiteElo "2557"]
[BlackElo "2332"]
[PlyCount "57"]
[EventDate "2011.03.09"]
[EventType "swiss"]
[EventRounds "9"]
[EventCountry "ISL"]
[Source "lmi"]
[SourceDate "2011.03.09"]

1. d4 Nf6 2. c4 e6 3. Nf3 Bb4+ 4. Bd2 Qe7 5. g3 O-O 6. Bg2 Nc6 7. O-O Ne4 8.
Bc1 Qf6 9. c5 b6 10. Qd3 bxc5 11. Qxe4 d5 12. Qc2 Nxd4 13. Nxd4 cxd4 14. Nd2
Bd6 15. Re1 c5 16. e4 dxe3 17. Rxe3 Rb8 18. Rb1 Bb7 19. b3 e5 20. Bb2 Qe7 21.
Rc1 Rbc8 22. Ba3 Rc7 23. Rc3 Rfc8 24. Bh3 d4 25. Rc4 e4 26. Bxc8 Rxc8 27. Bxc5
e3 28. Bxd6 exf2+ 29. Kf1 1-0

[Event "MP Reykjavik Open 2011"]
[Site "Reykjavik ISL"]
[Date "2011.03.16"]
[Round "9.14"]
[White "Thomassen, Joachim"]
[Black "Miroshnichenko, Evgenij"]
[Result "0-1"]
[WhiteElo "2396"]
[BlackElo "2670"]
[PlyCount "94"]
[EventDate "2011.03.09"]
[EventType "swiss"]
[EventRounds "9"]
[EventCountry "ISL"]
[Source "lmi"]
[SourceDate "2011.03.09"]

1. e4 c5 2. Nf3 d6 3. d4 cxd4 4. Nxd4 Nf6 5. Nc3 Nc6 6. Bg5 e6 7. Qd2 Qb6 8.
O-O-O a6 9. f3 Qxd4 10. Qxd4 Nxd4 11. Rxd4 Bd7 12. a4 Rc8 13. Be2 Be7 14. Rhd1
Rxc3 15. bxc3 Nxe4 16. Bxe7 Nxc3 17. Bxd6 Nxe2+ 18. Kb2 Nxd4 19. Rxd4 f6 20. a5
e5 21. Rd2 Bc6 22. Kc3 Kf7 23. Kd3 Ke6 24. Ke3 g5 25. Bc7 Rc8 26. Bd6 Bd5 27.
Bb4 g4 28. c3 Rc4 29. Rf2 h5 30. Ke2 h4 31. Kd3 Rf4 32. Ke3 h3 33. g3 Rxf3+ 34.
Rxf3 Bxf3 35. Bc5 Kd5 36. Bb6 f5 37. Bc7 f4+ 38. Kf2 Ke4 39. Bb8 Bd1 40. Bc7
Bb3 41. Bb8 Bd5 42. Bc7 Bc6 43. Bb6 Kd3 44. gxf4 exf4 45. Bc7 g3+ 46. Kg1 gxh2+
47. Kxh2 f3 0-1

[Event "MP Reykjavik Open 2011"]
[Site "Reykjavik ISL"]
[Date "2011.03.16"]
[Round "9.15"]
[White "Friedel, Joshua E"]
[Black "Ariel, Donny"]
[Result "1-0"]
[WhiteElo "2529"]
[BlackElo "2389"]
[PlyCount "57"]
[EventDate "2011.03.09"]
[EventType "swiss"]
[EventRounds "9"]
[EventCountry "ISL"]
[Source "lmi"]
[SourceDate "2011.03.09"]

1. d4 d5 2. c4 e6 3. Nf3 Nf6 4. g3 c6 5. Bg2 Nbd7 6. O-O Bd6 7. Nc3 O-O 8. Nd2
dxc4 9. Nxc4 Bc7 10. b3 Nd5 11. Ne4 b5 12. Nb2 e5 13. Qc2 Bb7 14. Nd3 exd4 15.
Bb2 Bb6 16. Nd6 Qc7 17. Nf5 N7f6 18. Nc5 Nb4 19. Qd2 Bc8 20. Nh6+ gxh6 21. Qxb4
Rd8 22. Bxd4 Ba5 23. Be5 Qb6 24. Qh4 Ng4 25. Nd3 Bd2 26. Bf4 Bc3 27. Rac1 Bf6
28. Qh5 Bd7 29. h3 1-0